English Knowhow Student book and tests opener

保存先:
書誌詳細
第一著者: Naber, Therese
フォーマット: 図書
言語:Undetermined
出版事項: Oxford Oxford University Press 2004
主題:
タグ: タグ追加
タグなし, このレコードへの初めてのタグを付けませんか!
Thư viện lưu trữ: Trung tâm Học liệu Trường Đại học Cần Thơ
LEADER 00609nam a2200217Ia 4500
001 CTU_116110
008 210402s9999 xx 000 0 und d
020 |c 80000 
082 |a 428.24 
082 |b N115/ Op -Cass1 
100 |a Naber, Therese 
245 0 |a English Knowhow 
245 0 |b Student book and tests opener 
245 0 |c Therese Naber , Angela Blackwell 
260 |a Oxford 
260 |b Oxford University Press 
260 |c 2004 
650 |a English language 
650 |x Study and teaching,foreign speakers 
904 |i Mai 
980 |a Trung tâm Học liệu Trường Đại học Cần Thơ